| 000 | 00318nam a2200121Ia 4500 | ||
|---|---|---|---|
| 008 | 190216s9999||||xx |||||||||||||| ||und|| | ||
| 100 | _aGangadharan Nair R | ||
| 245 | 0 | _aAikya Rashtra Vyapara Vikasana Samithi | |
| 260 |
_bKerala Bhasha Institute _c1973 |
||
| 300 | _a174p | ||
| 650 | _aPolitical Science | ||
| 942 | _cBK | ||
| 999 |
_c34823 _d34823 |
||